| 000 | 01119nam0a22002651 4500 | ||
|---|---|---|---|
| 001 | rc\103295 | ||
| 005 | 20260406064536.0 | ||
| 010 |
_a5-215-00179-0 _9250 |
||
| 035 | _a(NLR Aleph) 005365843 | ||
| 090 |
_a6947392 _c6947392 |
||
| 100 | _a20021216d1995 |||y0rusy50 ca | ||
| 101 | 0 | _arus | |
| 102 | _aRU | ||
| 105 | _aa ||||||||| | ||
| 200 | 1 |
_aМатематические задачи экономики _eУчеб. пособие для студентов всех спец. _fВ.В. Лебедев, д. э. н., проф. _gГос. ком. Рос. Федерации по высш. образованию. Гос. акад. упр. им. Серго Орджоникидзе |
|
| 205 | _a2-е изд., испр. и доп. | ||
| 210 |
_aМ. _cГАУ _d1995 |
||
| 215 |
_a58 с. _cграф. _d20 |
||
| 700 | 1 |
_8rus _7ca _aЛебедев _bВ. В. _cд-р экон. наук, канд. физ.-мат. наук _f1946- _gВалерий Викторович _3RU\NLR\AUTH\7714319 _9123992 |
|
| 801 | 0 |
_aRU _bNLR _gpsbo |
|
| 801 | 1 |
_aRU _bELAR _2rusmarc |
|
| 852 |
_aNLR _j96-4/9140 |
||
| 942 | _cBOOK | ||
| 980 | _aNB | ||